Normal view
MARC view
- Scognamillo, Ciro.
Entry Personal Name
001 - CONTROL NUMBER
- control field: 55801
003 - CONTROL NUMBER IDENTIFIER
- control field: OSt
005 - DATE AND TIME OF LATEST TRANSACTION
- control field: 20240403083631.0
008 - FIXED-LENGTH DATA ELEMENTS
- fixed length control field: 240403|| aca||aabn | a|a d
040 ## - CATALOGING SOURCE
- Original cataloging agency: OSt
- Transcribing agency: OSt
100 ## - HEADING--PERSONAL NAME
- Personal name: Scognamillo, Ciro.
- Relator term: author.
670 ## - SOURCE DATA FOUND
- Source citation: Work cat.: (OSt): Scognamillo, Ciro. author., A technique for the In-Situ experimental extraction of the thermal impedance of power devices /, October 2022.
